Logo BPK

Biblioteka

Politechniki Koszalińskiej

Układy cyfrowe - metody syntezy. (Rekord nr 4455)

Szczegóły MARC
000 -ETYKIETA REKORDU
podpole kontrolne o stałej długości 00686nam a2200193 i 4500
001 - NUMER KONTROLNY REKORDU
pole kontrolne bg
040 ## - ŹRÓDŁO KATALOGOWANIA
Instytucja, która utworzyła rekord BPK
041 ## - KOD JĘZYKA
Kod języka tekstu pol
080 ## - UNIWERSALNA KLASYFIKACJA DZIESIĘTNA - UKD
UKD 681.32(075.8)
008 - POLE O STAŁEJ DŁUGOŚCI - DANE KONTROLNE
podpole kontrolne o stałej długości s pl f |000 0 pol
100 1# - NAZWA OSOBOWA
Nazwa osobowa Gorzałczany, Marian Bolesław
Daty związane z nazwą (1955- ).
245 #0 - TYTUŁ/ODPOWIEDZIALNOŚĆ
Tytuł Układy cyfrowe - metody syntezy.
Oznaczenie części/sekcji dzieła T. 2,
Tytuł części/sekcji dzieła Układy sekwencyjne, układy mikroprogramowane /
Pozostałe elementy strefy tytułu i oznaczenia odpowiedzialności Marian B. Gorzałczany.
260 ## - STREFA ADRESU WYDAWNICZEGO
Miejsce wydania Kielce :
Nazwa wydawcy/dystrybutora PŚ,
Data publikacji, dystrybucji/powstania dokumentu 1990.
300 ## - STREFA OPISU FIZYCZNEGO
Objętość 370 s. :
Inne cechy fizyczne rys., wykr.
Rozmiary 24 cm.
490 1# - STREFA SERII I DOKUMENTU WIELOCZĘŚCIOWEGO - FORMA NIE DO WYSZUKIWANIA
Tytuł i oznaczenie odpowiedzialności serii Skrypty Uczelniane Politechniki Świętokrzyskiej,
ISSN 0239-6386 ;
Numeracja w obrębie serii nr 192
504 ## - UWAGA DOTYCZĄCA BIBLIOGRAFII
Informacje o bibliografii Bibliogr. s. 351.
830 ## - HASŁO DODATKOWE SERII LUB DOKUMENTU WIELOCZĘŚCIOWEGO - TYTUŁ UJEDNOLICONY
Tytuł ujednolicony Skrypty Uczelniane Politechniki Świętokrzyskiej,
-- 0239-6386 ;
856 ## - LOKALIZACJA I DOSTĘP DO ELEKTRONICZNYCH DOKUMENTÓW ZDALNYCH
Link (URL) http://koha.tu.koszalin.pl/cgi-bin/koha/opac-detail.pl?biblionumber=4455
Tekst linku Katalog online BPK
942 ## - DODATKOWE ELEMENTY (KOHA)
Typ dokumentu Książka
Egzemplarze
Wycofany Status egzemplarza Uszkodzony Dostępność Lokalizacja stała Lokalizacja bieżąca Miejsce przechowywania Sygnatura Kod kreskowy Typ dokumentu
      Dostępny Biblioteka Politechniki Koszalińskiej Biblioteka Politechniki Koszalińskiej Wypożyczalnia BG P 41303 01625882 Książka
© 2023 Biblioteka Politechniki Koszalińskiej :: KOHA